000 00655nam a2200193 i 4500
001 bgj
100 1 _aFLEMING, Harold
_d(1927- )
245 1 0 _aComposition :
_bmodels and exercises 10 /
_cHarold Fleming, Allan A. Glatthorn ; general editor John E. Warriner.
260 _aNew York [etc.] :
_bHarcourt, Brace & World, Inc.,
_ccop. 1965.
300 _aXVII, 234 pp ;
_c22 cm.
505 _aIncludes indexes.
650 9 _aEnglish language
_xRhetoric
700 1 _aGLATTHORN, Allan A.
_d(1924- ).
_eco-author
700 1 _aWARRINER, John E.
_egeneral editor
040 _cBPK
041 0 _aeng
942 _cKS
008 s uk f |000 0 eng
999 _c47424
_d47424
856 _uhttp://koha.tu.koszalin.pl/cgi-bin/koha/opac-detail.pl?biblionumber=47424
_yKatalog online BPK